Taylor Swift - Devine la chanson sans indices #30 - Statistiques

Statistiques générales
  • Ce quiz a été pris 280 fois
  • Le résultat moyen est 235 sur 371
Statistiques - réponses
Réponse % Correct
I
100%
a
98%
you
96%
the
94%
The
94%
Oh
92%
oh
92%
He
90%
he
90%
an
89%
we
89%
your
87%
it
86%
it
86%
is
84%
And
83%
and
83%
on
83%
When
83%
when
83%
in
82%
In
82%
my
82%
to
80%
was
78%
we're
78%
it's
77%
don't
75%
of
75%
that
75%
That
75%
know
73%
'fore
72%
for
71%
'cause
69%
'Cause
69%
say
69%
have
68%
have"
68%
said
67%
could
66%
his
65%
if
64%
with
63%
how
62%
Our
62%
our
62%
her
61%
should
61%
song"
61%
song
61%
just
60%
all
59%
as
59%
car
59%
got
58%
Got
58%
door
56%
didn't
55%
talk
55%
one
54%
window
54%
mama
53%
way
53%
He's
52%
him
52%
late
52%
out
52%
says
52%
phone
51%
real
51%
slow
51%
again
50%
heart
50%
I've
50%
hair
49%
thinkin'
49%
"Baby
47%
down
47%
hand
47%
first
46%
Had
46%
home
46%
seat
46%
undone
46%
play
45%
something
45%
yeah
45%
look
44%
slamming
44%
been
43%
day
43%
front
43%
"Nothing
43%
other
43%
kiss
42%
laugh
42%
tappin'
42%
wrong?"
42%
wrong
42%
"Man
41%
up
41%
ridin'
40%
Asking
39%
every
39%
good
39%
"Amen"
38%
come
38%
God
38%
screen
38%
shotgun
37%
wheel
36%
radio
35%
tapping
34%
around
33%
turn
33%
well
33%
wrote
33%
Sneakin'
32%
talks
32%
everything
31%
along
28%
bed
28%
date
28%
steering
28%
lost
27%
after
25%
almost
25%
feel
25%
heard
25%
note
25%
old
25%
gone
24%
laughs
24%
lovin'
24%
notice
24%
roses
23%
pen
22%
napkin
21%
porch
21%
grabbed
20%
album
19%
listened
18%
walkin'
16%
hallway
15%
steps
14%
Waited
14%
thrown
12%
trampled
9%
Aucun quiz correspondant
Distribution des résultats
% des personnes avec chaque résultat
Percentile par nombre de réponses
Votre historique - résultats
Vous n’avez pas pris ce quiz